00951 a2200181 4500003000500000005001700005040000900022082001500031100003300046245005300079260003400132300001100166505039900177650003800576942001200614999001900626952012400645Nust20230315095920.0 cNust a384.54,WHI aWilson, G. Whittaker9110293 aWriting for Broad Casting /cG. Whittaker Wilson aLondonbA & C Block Ltdc1935 a150,p; aThe Microphone as a medium (Page-1), High Comedy (Page-20), Low Comedy (Page-32), Musical Comedy (Page-38), Burlesque and Satire (Page-47), Biographical Plats (Page-53), Historical Plays (Page-66), Drama (Page-79), Characterization (Page-89), Pageants (Page-102), The Famous Trials Series (Page-114), The Writhing of Talks (Page-131), The Broadcasting of Talks (Page-140), Epilogue (Page-146).  aWriting for broad casting9110294 2ddccBK c185315d185315 00102ddc4070aMCSbMCScGENd2016-12-12o384.54,WHIpMCS30014r2016-12-08w2016-12-12yBKzAlmirah No.74, Shelf No.4